EQUIPOS LIGA MX - Estadísticas

Estadísticas generales
  • Esta prueba ha sido intentada 115 veces
  • La puntuación promedio es 15 de 18
Estadísticas de respuestas
EQUIPO # % Correcto
1 America
100%
6 Guadalajara
96%
16 Tigres UANL
96%
9 Monterrey
92%
13 Pumas UNAM
91%
5 Cruz azul
90%
8 Mazatlan
89%
17 Toluca
88%
15 Santos Laguna
85%
18 Xolos de Tijuana
85%
12 Puebla
84%
11 Pachuca
83%
2 Atlas
81%
4 Bravos de Juarez
78%
14 Queretaro
76%
3 Atletico de San Luis
75%
7 Leon
75%
10 Necaxa
71%
No se encontraron pruebas coincidentes
Distribución de puntuación
Porcentaje de gente con cada puntuación
Porcentaje por número respondido
Historial de tus puntuaciones
No has intentado esta prueba.